LDR 00848naa#a2200169#i#450# 001 RU\\bibl\122032 005 20260629210605.1 011 ## _a2687-0185 100 ## _a20260319b2026####ek#y0rusy0150####ca 102 ## _aRU 200 1# _aСоотношение профессиональных стандартов и профессиональных компетенций с федеральными государственными образовательными стандартами _eЖурнальная статья 210 1# _aМосква _cМосковский университет МВД России имени В.Я. Кикотя _d2026 215 ## _a7 с. 608 ## _aЖурнальная статья _2local 675 ## _aТрудовое право. 349.2 _z 700 #1 _aТитор _gСветлана Евгеньевна 856 4# _amosumvd.editorum.ru _u